[Event "COL-ch Superate B (Women)"]
[Site "Colombia"]
[Date "2015.10.15"]
[Round "2.5"]
[White "Cruz Portilla, Roxana Carmelit"]
[Black "Medina Barrios, Lina Maria"]
[Result "1-0"]
[WhiteElo "1642"]
[BlackElo "1508"]
[PlyCount "105"]
[EventDate "2015.10.15"]
[EventType "swiss (rapid)"]
[EventRounds "6"]
[EventCountry "COL"]
[SourceTitle "EXT 2024"]
[Source "ChessBase"]
[SourceDate "2023.10.10"]
[SourceVersion "1"]
[SourceVersionDate "2023.10.10"]
[SourceQuality "1"]

1. d4 Nf6 2. Nf3 e6 3. Bf4 b6 4. e3 Bb7 5. Be2 Bb4+ 6. c3 Be7 7. Nbd2 d6 8. 0-0 Nbd7 9. h3 0-0 10. c4 c5 11. Nb3 Rc8 12. Rc1 Re8 13. Qd2 Ne4 14. Qd3 cxd4 15. exd4 Bf6 16. Rfd1 e5 17. dxe5 Nxe5 18. Nxe5 dxe5 19. Be3 Ng5 20. Qf5 Be4 21. Qg4 Qe7 22. Bxg5 Bxg5 23. Qxe4 Bxc1 24. Rxc1 Rcd8 25. Bd3 g6 26. Re1 f5 27. Qe2 e4 28. Bc2 Rc8 29. f3 e3 30. Nc1 Qb4 31. Bb3 Kh8 32. Nd3 Qe7 33. Nf4 Rcd8 34. Nd5 Qb7 35. Nxe3 f4 36. Qc2 Rxe3 37. Rxe3 fxe3 38. Qc3+ Qg7 39. Qxe3 Qxb2 40. Qe7 Qc1+ 41. Kh2 Qf4+ 42. Kg1 Qf8 43. Qe5+ Qg7 44. Qg5 Re8 45. Qg3 Qa1+ 46. Kh2 Qe5 47. f4 Qf5 48. Qf3 g5 49. Qc3+ Kg8 50. c5+ Kf8 51. Qh8+ Ke7 52. Qxh7+ Kd8 53. Qxf5 1-0

[Event "COL-ch Superate B (Women)"]
[Site "Colombia"]
[Date "2015.10.14"]
[Round "11.10"]
[White "Cruz Portilla, Roxana Carmelit"]
[Black "Idarraga Gallego, Maria Estefani"]
[Result "1-0"]
[WhiteElo "1642"]
[BlackElo "1537"]
[PlyCount "38"]
[EventDate "2015.10.14"]
[EventType "swiss (blitz)"]
[EventRounds "12"]
[EventCountry "COL"]
[SourceTitle "EXT 2024"]
[Source "ChessBase"]
[SourceDate "2023.10.10"]
[SourceVersion "1"]
[SourceVersionDate "2023.10.10"]
[SourceQuality "1"]

1. d4 d5 2. Nf3 Nc6 3. Bf4 Nf6 4. e3 e6 5. a3 Bd6 6. Bxd6 Qxd6 7. c4 a6 8. c5 Qd8 9. Nc3 b6 10. b4 Bd7 11. Bd3 0-0 12. Bc2 b5 13. Qd3 Re8 14. Ne5 g6 15. f4 Nh5 16. Bd1 Nf6 17. 0-0 Rc8 18. Be2 Nxe5 19. fxe5 Ne4 1-0

[Event "Bogota Superate Intercol Adv-B (Women)"]
[Site "Bogota"]
[Date "2014.10.28"]
[Round "4.8"]
[White "Cruz Portilla, Roxana Carmelit"]
[Black "Palacios Palacios, Merlin P"]
[Result "1-0"]
[WhiteElo "1647"]
[BlackElo "1512"]
[PlyCount "63"]
[EventDate "2014.10.28"]
[EventType "swiss (blitz)"]
[EventRounds "8"]
[EventCountry "COL"]
[SourceTitle "EXT 2024"]
[Source "ChessBase"]
[SourceDate "2023.10.10"]
[SourceVersion "1"]
[SourceVersionDate "2023.10.10"]
[SourceQuality "1"]

1. d4 d6 2. Nf3 Nf6 3. e3 Bg4 4. h3 Bxf3 5. Qxf3 d5 6. c4 c6 7. c5 e6 8. Nc3 Be7 9. Bd3 Qa5 10. 0-0 0-0 11. Qe2 Qc7 12. Re1 Nbd7 13. e4 Rad8 14. e5 Ne4 15. Nxe4 dxe4 16. Qxe4 g6 17. Re3 Bg5 18. Rg3 f5 19. exf6 Nxf6 20. Qxe6+ Rf7 21. Bxg5 Rxd4 22. Bxf6 Qe7 23. Qxe7 Rxe7 24. Bxd4 Rd7 25. Bc3 a6 26. Re1 Rd8 27. Ba5 Rf8 28. Re7 b5 29. cxb6 c5 30. Bc4+ Kh8 31. Bc3+ Rf6 32. Bxf6# 1-0

[Event "Bogota Superate Intercol Adv-B (Women)"]
[Site "Bogota"]
[Date "2014.10.28"]
[Round "5.6"]
[White "Martinez, Claudia Marcela"]
[Black "Cruz Portilla, Roxana Carmelit"]
[Result "0-1"]
[WhiteElo "1607"]
[BlackElo "1647"]
[PlyCount "48"]
[EventDate "2014.10.28"]
[EventType "swiss (blitz)"]
[EventRounds "8"]
[EventCountry "COL"]
[SourceTitle "EXT 2024"]
[Source "ChessBase"]
[SourceDate "2023.10.10"]
[SourceVersion "1"]
[SourceVersionDate "2023.10.10"]
[SourceQuality "1"]

1. e4 e5 2. Nf3 Nc6 3. Bb5 a6 4. Bxc6 dxc6 5. d3 Bg4 6. h3 Bxf3 7. Qxf3 Nf6 8. Nc3 Bc5 9. Bg5 Be7 10. b3 h6 11. Be3 Bb4 12. Bd2 Qd4 13. 0-0 Bxc3 14. Bxc3 Qxc3 15. a4 Qxc2 16. Rab1 Rd8 17. Rfd1 0-0 18. g4 Rd7 19. h4 Rfd8 20. g5 Rxd3 21. Qg2 Rxd1+ 22. Rxd1 Qxd1+ 23. Kh2 Qg4 24. gxf6 Qxh4+ 0-1

[Event "Bogota Superate Intercol Adv-B (Women)"]
[Site "Bogota"]
[Date "2014.10.26"]
[Round "3.6"]
[White "Lopez Basante, Elizabeth Crist"]
[Black "Cruz Portilla, Roxana Carmelit"]
[Result "1-0"]
[WhiteElo "1478"]
[BlackElo "1647"]
[PlyCount "64"]
[EventDate "2014.10.25"]
[EventType "swiss (rapid)"]
[EventRounds "6"]
[EventCountry "COL"]
[SourceTitle "EXT 2024"]
[Source "ChessBase"]
[SourceDate "2023.10.10"]
[SourceVersion "1"]
[SourceVersionDate "2023.10.10"]
[SourceQuality "1"]

1. d4 d5 2. e3 c5 3. Nf3 Bg4 4. c4 e6 5. Nc3 Nc6 6. dxc5 dxc4 7. Qxd8+ Rxd8 8. Bxc4 Bxf3 9. gxf3 Bxc5 10. Bb5 Bb4 11. Bxc6+ bxc6 12. Bd2 Nf6 13. a3 Bc5 14. b4 Bb6 15. Ke2 Ke7 16. Rad1 Rd7 17. Bc1 Rhd8 18. Rxd7+ Rxd7 19. Rd1 Rxd1 20. Kxd1 Nd7 21. f4 a5 22. Ke2 e5 23. Kf3 axb4 24. axb4 exf4 25. Kxf4 Bc7+ 26. Kf3 Bxh2 27. Ba3 Bd6 28. Ne4 Ne5+ 29. Ke2 Nc4 30. Nxd6 Kxd6 31. Bc1 h5 32. Kd3 Ne5+ 1-0

[Event "Bogota Superate Intercol Adv (Women)"]
[Site "Bogota"]
[Date "2014.10.25"]
[Round "2.7"]
[White "Cruz Portilla, Roxana Carmelit"]
[Black "Rocha, Angelly"]
[Result "1-0"]
[WhiteElo "1647"]
[BlackElo "1619"]
[PlyCount "147"]
[EventDate "2014.10.25"]
[EventType "swiss"]
[EventRounds "5"]
[EventCountry "COL"]
[SourceTitle "EXT 2024"]
[Source "ChessBase"]
[SourceDate "2023.10.10"]
[SourceVersion "1"]
[SourceVersionDate "2023.10.10"]
[SourceQuality "1"]

1. d4 d5 2. Nf3 Nc6 3. e3 a6 4. c4 e6 5. a3 Nf6 6. c5 Be7 7. Nc3 h6 8. Be2 0-0 9. 0-0 Re8 10. b4 Bd7 11. Re1 b6 12. Bd3 b5 13. e4 dxe4 14. Nxe4 Nxe4 15. Bxe4 Bf6 16. Rb1 Rb8 17. Be3 Ne7 18. Qd2 Nd5 19. Bxd5 exd5 20. Bf4 Rc8 21. Re3 Rxe3 22. Qxe3 c6 23. Re1 Bg4 24. Be5 Bxf3 25. Qxf3 Bxe5 26. Rxe5 a5 27. h3 axb4 28. axb4 Ra8 29. Qe3 f6 30. Re6 Ra1+ 31. Kh2 Qd7 32. Re7 Qf5 33. h4 Qg4 34. Re8+ Kf7 35. Re7+ Kg6 36. Qg3 Qxg3+ 37. Kxg3 h5 38. Rc7 Rd1 39. Rxc6 Rxd4 40. Rd6 Kf5 41. c6 Ke5 42. c7 Rc4 43. Rb6 d4 44. Rxb5+ Kd6 45. Rxh5 Rxc7 46. b5 d3 47. b6 Rc3 48. Kf3 Rb3 49. Ke3 Rxb6 50. Kxd3 Ke6 51. Rh7 Rd6+ 52. Ke3 g6 53. Rg7 Kf5 54. Rh7 Re6+ 55. Kf3 Rb6 56. Kg3 Rb3+ 57. f3 g5 58. hxg5 fxg5 59. Rc7 Re3 60. Rc5+ Re5 61. Rxe5+ Kxe5 62. Kg4 Kf6 63. f4 gxf4 64. Kxf4 Ke6 65. Kg5 Ke5 66. Kh5 Kf5 67. g4+ Kf6 68. Kh6 Kf7 69. g5 Kg8 70. Kg6 Kh8 71. Kf7 Kh7 72. g6+ Kh6 73. g7 Kg5 74. g8Q+ 1-0

[Event "COL-ch sf (Women)"]
[Site "Medellin"]
[Date "2014.??.??"]
[Round "8"]
[White "Carcamo Posada, Daniela"]
[Black "Cruz Portilla, Roxana Carmelit"]
[Result "0-1"]
[WhiteElo "1675"]
[BlackElo "1421"]
[PlyCount "94"]
[EventDate "2014.04.15"]
[EventType "swiss"]
[EventRounds "9"]
[EventCountry "COL"]
[SourceTitle "CBM 160 Extra"]
[Source "ChessBase"]
[SourceDate "2014.07.01"]
[SourceVersion "1"]
[SourceVersionDate "2014.07.01"]
[SourceQuality "1"]

1. d4 d5 2. c4 dxc4 3. e3 e6 4. Bxc4 h6 5. Nf3 Nf6 6. 0-0 Be7 7. Qa4+ Bd7 8. Qb3 a6 9. Qxb7 Nc6 10. Qb3 Na5 11. Qc2 Nxc4 12. Qxc4 Bb5 13. Qc2 Bxf1 14. Kxf1 0-0 15. Ne5 Bd6 16. Nf3 Qd7 17. e4 Bb4 18. Nc3 Bxc3 19. bxc3 Rac8 20. e5 Nd5 21. c4 Nb6 22. a4 c5 23. a5 Na8 24. Ba3 Qc6 25. Bxc5 Rfd8 26. Nd2 f6 27. exf6 e5 28. Qg6 Qxf6 29. Qe4 Qf4 30. Qxf4 exf4 31. Nf3 Kf7 32. Ne5+ Kf6 33. Ke2 Rxc5 34. Ng4+ Kg5 35. dxc5 Kxg4 36. h3+ Kf5 37. Kf3 Rc8 38. Re1 Rxc5 39. Re8 Nc7 40. Re4 g5 41. g4+ fxg3 42. fxg3 Rxa5 43. g4+ Kf6 44. Re3 Re5 45. Rd3 Re6 46. Rc3 Rc6 47. Ke4 Ke7 0-1

[Event "COL-ch sf (Women)"]
[Site "Medellin"]
[Date "2014.??.??"]
[Round "9"]
[White "Cruz Portilla, Roxana Carmelit"]
[Black "Rosado Perez, Maria Jose"]
[Result "0-1"]
[WhiteElo "1421"]
[BlackElo "1815"]
[PlyCount "78"]
[EventDate "2014.04.15"]
[EventType "swiss"]
[EventRounds "9"]
[EventCountry "COL"]
[SourceTitle "CBM 160 Extra"]
[Source "ChessBase"]
[SourceDate "2014.07.01"]
[SourceVersion "1"]
[SourceVersionDate "2014.07.01"]
[SourceQuality "1"]

1. d4 d5 2. Nf3 e6 3. c4 Nf6 4. c5 b6 5. b4 Be7 6. a3 0-0 7. e3 a5 8. Bb2 axb4 9. axb4 Rxa1 10. Bxa1 Ba6 11. Bxa6 Nxa6 12. Qb3 Qa8 13. Bc3 Rb8 14. c6 b5 15. Ne5 Ne4 16. Nd7 Rd8 17. Nc5 Bxc5 18. bxc5 Qxc6 19. Nd2 Nxd2 20. Bxd2 Ra8 21. 0-0 b4 22. Ra1 Nxc5 23. Rxa8+ Qxa8 24. Qxb4 Ne4 25. h3 Nxd2 26. Qxd2 Qa1+ 27. Kh2 Qa7 28. Qc3 Qb6 29. Qc5 Qxc5 30. dxc5 Kf8 31. Kg3 Ke7 32. Kf4 f6 33. e4 e5+ 34. Ke3 d4+ 35. Kd3 Kd7 36. h4 Kc6 37. Kc4 h5 38. g3 g5 39. hxg5 fxg5 0-1

[Event "Bogota IRT Categoria A U14 Girls"]
[Site "Bogota"]
[Date "2013.10.28"]
[Round "3.6"]
[White "Cruz Portilla, Roxana Carmelit"]
[Black "Fraile Vela, Maria Isabel"]
[Result "0-1"]
[WhiteElo "1401"]
[BlackElo "1736"]
[PlyCount "78"]
[EventDate "2013.10.27"]
[EventType "swiss"]
[EventRounds "5"]
[EventCountry "COL"]
[SourceTitle "EXT 2024"]
[Source "ChessBase"]
[SourceDate "2023.10.10"]
[SourceVersion "1"]
[SourceVersionDate "2023.10.10"]
[SourceQuality "1"]

1. e4 e5 2. Nc3 Nf6 3. Bc4 c6 4. d4 Bb4 5. Bg5 Qe7 6. Bxf6 Qxf6 7. Nf3 d6 8. dxe5 dxe5 9. h3 0-0 10. 0-0 Bxc3 11. bxc3 Qg6 12. Nxe5 Qf6 13. f4 Qe7 14. Qf3 Nd7 15. Rad1 Nxe5 16. fxe5 Qc5+ 17. Kh1 Qxc4 18. Rd4 Qxa2 19. c4 Be6 20. Qc3 Qa6 21. Rfd1 Qb6 22. c5 Qc7 23. Rd6 Rfd8 24. R1d2 Qe7 25. Qa5 Rd7 26. c3 Qd8 27. Qb4 a5 28. Qxb7 Rxd6 29. Rxd6 Qc8 30. Qxc6 Qxc6 31. Rxc6 a4 32. Rb6 a3 33. Rb1 a2 34. Rd1 a1Q 35. Rxa1 Rxa1+ 36. Kh2 Rc1 37. h4 Rxc3 38. c6 Rxc6 39. Kg3 h6 0-1